Microbiology (Record no. 14636)
[ view plain ]
| 000 -LEADER | |
|---|---|
| fixed length control field | 00389nam a22001577a 4500 |
| 020 ## - INTERNATIONAL STANDARD BOOK NUMBER | |
| ISBN | 9780074623206 |
| 082 ## - DEWEY DECIMAL CLASSIFICATION NUMBER | |
| Classification number | 576 |
| Item number | PEL/MI |
| 100 ## - MAIN ENTRY--AUTHOR NAME | |
| Personal name | Pelczar,Michael J. |
| 100 ## - MAIN ENTRY--AUTHOR NAME | |
| Personal name | Chan, E.C.S |
| 100 ## - MAIN ENTRY--AUTHOR NAME | |
| Personal name | Krieg,Noble R. |
| 245 ## - TITLE STATEMENT | |
| Title | Microbiology |
| 250 ## - EDITION STATEMENT | |
| Edition statement | 5 th |
| 260 ## - PUBLICATION, DISTRIBUTION, ETC. (IMPRINT) | |
| Place of publication | New Delhi |
| Name of publisher | Tata Mcgraw Hill EducationPrivate Limited |
| Year of publication | 2011 |
| 300 ## - PHYSICAL DESCRIPTION | |
| Number of Pages | 918 |
| 942 ## - ADDED ENTRY ELEMENTS (KOHA) | |
| Koha item type | Books |
| Withdrawn status | Lost status | Damaged status | Collection code | Home library | Current library | Shelving location | Date acquired | Source of acquisition | Cost, normal purchase price | Full call number | Accession Number | Koha item type |
|---|---|---|---|---|---|---|---|---|---|---|---|---|
| KAUAET | KAUAET | General Stacks | 22/07/2016 | Researchco Books and Periodicals, New Delhi. | 650.00 | 576 PEL/MI | 24369 | Books | ||||
| General Books | KAUAET | KAUAET | Scheme | 27/07/2020 | Aman Book stall | 950.00 | 576 PEL/MI | BB 542 | Book Bank scheme for SC students | |||
| General Books | KAUAET | KAUAET | Scheme | 27/07/2020 | Aman Book stall | 950.00 | 576 PEL/MI | BB 543 | Book Bank scheme for SC students | |||
| General Books | KAUAET | KAUAET | Scheme | 27/07/2020 | Aman Book stall | 950.00 | 576 PEL/MI | BB 544 | Book Bank scheme for SC students | |||
| General Books | KAUAET | KAUAET | Scheme | 27/07/2020 | Aman Book stall | 950.00 | 576 PEL/MI | BB 545 | Book Bank scheme for SC students |
